Manhattan Neighborhoods Quiz Stats

 Plays Quiz not verified by Sporcle

Challenge
Share
Tweet
Score 0/39 Timer 10:00
0 Plays Today
% Correct
Midtown
92.4%
Central Harlem
89.7%
Upper West Side
87.9%
SoHo
85.9%
Upper East Side
83.8%
Financial District
83.1%
Washington Heights
80%
Chinatown
79.7%
Little Italy
78.3%
Tribeca
76.2%
East Harlem
75.9%
Lower East Side
75.5%
Chelsea
72.8%
NoHo
71.7%
Greenwich Village
71.4%
East Village
68.6%
West Village
65.2%
Inwood
64.1%
Morningside Heights
61.4%
Flatiron
50.7%
% Correct
Hamilton Heights
50%
Battery Park City
49%
Gramercy
48.6%
Murray Hill
45.9%
Yorkville
41.4%
Stuyvesant Town
38.6%
Turtle Bay
38.6%
Manhattanville
38.3%
Lenox Hill
36.6%
Clinton
35.9%
Civic Center
34.1%
Carnegie Hill
29.3%
Midtown South
28.6%
Hudson Yards
27.9%
Manhattan Valley
26.9%
Lincoln Square
26.6%
Sutton Place
23.8%
Tudor City
23.4%
Hudson Square
17.6%

You're not logged in!

Compare scores with friends on all Sporcle quizzes.
Join for Free
OR
Log In

You Might Also Like...

Show Comments

Extras

Top Quizzes Today


Score Distribution

Your Account Isn't Verified!

In order to create a playlist on Sporcle, you need to verify the email address you used during registration. Go to your Sporcle Settings to finish the process.

Report this User

Report this user for behavior that violates our Community Guidelines.

Details: